Thousand Hebrew words : for English speaking people...

Bibliographic Details
Main Author: Rozen, Aharon
Format: Book
Language:Hebrew
Published: Tel Aviv : Achiasaf, 1970.
Edition:New revised edition.
Subjects:

MARC

Tag First Indicator Second Indicator Subfields
LEADER 00000cam a2200000I 4500
001 in00001668613
005 20151024122034.0
008 840417s1970 is 000 0 heb d
019 |a 761820 
035 |a (OCoLC)ocm19140417 
040 |a HLS  |c HLS  |d HUC  |d DGW  |d TXA  |d UtOrBLW 
049 |a TXAM 
090 |a PJ4912  |b .R6 1970 
100 1 |a Rozen, Aharon. 
245 1 0 |a Thousand Hebrew words :  |b for English speaking people... 
246 1 7 |a Elef milim. 
250 |a New revised edition. 
264 1 |a Tel Aviv :  |b Achiasaf,  |c 1970. 
300 |a 16, 248 pages :  |b illustrations ;  |c 21 cm. 
336 |a text  |b txt  |2 rdacontent 
337 |a unmediated  |b n  |2 rdamedia 
338 |a volume  |b nc  |2 rdacarrier 
536 |a From the Library of Professor Horace G. Lunt October 2000. 
650 0 |a Hebrew language  |x Grammar. 
650 0 |a Hebrew language  |v Readers. 
752 |a Israel  |d Tel Aviv 
994 |a E0  |b TXA 
948 |a cataloged  |b h  |c 2002/3/19  |d c  |e kweimer  |f 11:34:34 am 
999 |a MARS 
999 f f |s 6766fbaa-c2c0-39a4-b26c-a1f30eccbbe7  |i 6c90df47-3e14-3820-83aa-11ed06ef9324  |t 0 
952 f f |p ric  |a Texas A&M University  |b Rellis Campus  |c Joint Library Facility  |s JLF  |d Remote Storage  |t 0  |e PJ4912 .R6 1970  |h Library of Congress classification  |i unmediated -- volume  |m A14828443423 
998 f f |a PJ4912 .R6 1970  |t 0  |l Remote Storage